Prof. G Ram Reddy Library

Economics for humans (Record no. 77880)

MARC details
000 -LEADER
fixed length control field 00528nam a2200193Ia 4500
003 - CONTROL NUMBER IDENTIFIER
control field LDD
008 - FIXED-LENGTH DATA ELEMENTS--GENERAL INFORMATION
fixed length control field 181029s9999 xx 000 0 und d
020 ## - INTERNATIONAL STANDARD BOOK NUMBER
International Standard Book Number 226572021
Terms of availability US
-- 6.00
040 ## - CATALOGING SOURCE
Transcribing agency LDD
100 ## - MAIN ENTRY--PERSONAL NAME
Personal name Nelson, Julie A
245 #0 - TITLE STATEMENT
Title Economics for humans
Statement of responsibility, etc. Julie A Nelson
260 ## - PUBLICATION, DISTRIBUTION, ETC.
Place of publication, distribution, etc. London
Name of publisher, distributor, etc. University
Date of publication, distribution, etc. 2006
300 ## - PHYSICAL DESCRIPTION
Extent ix, 141p.
365 ## - TRADE PRICE
Price amount US
-- 6.00
901 ## - LOCAL DATA ELEMENT A, LDA (RLIN)
a 3609
b 02-01-2007
902 ## - LOCAL DATA ELEMENT B, LDB (RLIN)
a 8678
b 10-02-2007
c F
d OP
e 33
903 ## - LOCAL DATA ELEMENT C, LDC (RLIN)
a Discount-10
b Reqst by : Sen, Saugato (Mr.)
942 ## - ADDED ENTRY ELEMENTS (KOHA)
Source of classification or shelving scheme Dewey Decimal Classification
Koha item type Books
Holdings
Withdrawn status Lost status Source of classification or shelving scheme Damaged status Not for loan Home library Current library Total Checkouts Full call number Barcode Date last seen Cost, replacement price Price effective from Koha item type
No   Dewey Decimal Classification     Library and Documentation Division Library and Documentation Division   174 N331E 061210 11/01/2018 709.12 11/01/2018 Books

© Prof. G Ram Reddy Centre Library, Indira Gandhi National Open University, Maidan Garhi, New Delhi, 110068
+91-011-29532797 | FAX+91-011-29533393 |